Kooperácia a spoločný marketing malých a stredných podnikov
Definovanie hlavných foriem kooperácie a oblastí pôsobenia. Charakteristika možných prínosov a problémov kooperácie. Prieskum kooperačných aktivít v praxi na českom a slovenskom trhu. Rozvoj kooperačných aktivít a spoločného marketingu podnikov v reťazci.
Enregistré dans:
| Auteur principal: | |
|---|---|
| Autres auteurs: | |
| Format: | Chapitre de livre |
| Langue: | slovaque |
| Sujets: | |
| Tags: |
Pas de tags, Soyez le premier à ajouter un tag!
|
MARC
| LEADER | 00000naa$a2200000$$$4500 | ||
|---|---|---|---|
| 001 | 0038024 | ||
| 005 | 20240502071458.1 | ||
| 041 | 0 | |a slo | |
| 044 | |a SK | ||
| 245 | 1 | 0 | |a Kooperácia a spoločný marketing malých a stredných podnikov |c Antónia Štensová, Eva Švecová |
| 520 | |a Definovanie hlavných foriem kooperácie a oblastí pôsobenia. Charakteristika možných prínosov a problémov kooperácie. Prieskum kooperačných aktivít v praxi na českom a slovenskom trhu. Rozvoj kooperačných aktivít a spoločného marketingu podnikov v reťazci. | ||
| 610 | 2 | 0 | |a marketing |
| 610 | 2 | 0 | |a pojmy |
| 610 | 2 | 0 | |a kooperácia medzipodniková |
| 610 | 2 | 0 | |a podnik malý |
| 610 | 2 | 0 | |a podnik stredný |
| 610 | 2 | 0 | |a Česko |
| 610 | 2 | 0 | |a Slovensko |
| 610 | 2 | 0 | |a vyjednávanie |
| 610 | 2 | 0 | |a komunikácia marketingová |
| 610 | 2 | 0 | |a konkurencia |
| 100 | 1 | |a Štensová, Antónia | |
| 700 | 1 | |a Švecová, Eva | |